Je fais mon pain : (Record no. 193059)

MARC details
000 -LEADER
campo de control de longitud fija 01096nam a2200301 i 4500
001 - NÚMERO DE CONTROL
campo de control 193059
003 - IDENTIFICADOR DE NÚMERO DE CONTROL
campo de control ES-MaACL
005 - FECHA Y HORA DE LA ÚLTIMA TRANSACCIÓN
campo de control 20240707063035.0
007 - CAMPO FIJO DE DESCRIPCIÓN FÍSICA--INFORMACIÓN GENERAL
campo de control de longitud fija ta
008 - DATOS DE LONGITUD FIJA--INFORMACIÓN GENERAL
campo de control de longitud fija 230726b2007 fre||||| |||| 00| 0 fre d
020 ## - NÚMERO INTERNACIONAL ESTÁNDAR DEL LIBRO
Número Internacional Estándar del Libro 9782754003605
040 ## - FUENTE DE CATALOGACIÓN
Lengua de catalogación spa
Centro/agencia transcriptor ES-MaACL
100 ## - ENTRADA PRINCIPAL--NOMBRE DE PERSONA
Nombre de persona Lewis, Sara
9 (RLIN) 233884
245 ## - MENCIÓN DEL TÍTULO
Título Je fais mon pain :
Resto del título pour des pains maison faits à la main ou à la machine à pain /
Mención de responsabilidad, etc. Sara Lewis
260 ## - PUBLICACIÓN, DISTRIBUCIÓN, ETC.
Lugar de publicación, distribución, etc. [Paris] :
Nombre del editor, distribuidor, etc. First Editions,
Fecha de publicación, distribución, etc. 2007
300 ## - DESCRIPCIÓN FÍSICA
Extensión 141 p. :
Otras características físicas principalmente il ;
Dimensiones 23 cm
336 ## - TIPO DE CONTENIDO
Fuente rdacontent
Término de tipo de contenido Texto
337 ## - TIPO DE MEDIO
Fuente rdamedia
Nombre/término del tipo de medio sin mediación
338 ## - TIPO DE SOPORTE
Fuente rdacarrier
Nombre/término del tipo de soporte volumen
500 ## - NOTA GENERAL
Nota general Catalogación provisional. Signatura: N 8548. Depósito J.
650 #7 - PUNTO DE ACCESO ADICIONAL DE MATERIA--TÉRMINO DE MATERIA
9 (RLIN) 165308
Término de materia o nombre geográfico como elemento de entrada Pan-
Subdivisión general Fabricación
852 ## - LOCALIZACIÓN
Ubicación ES-MaACL
Sublocalización o colección R 153360
Ubicación en estantería Depósito J
Número de control de estantería N 8548
Donativo/Legado Donación: José Lázaro
Nota libre En proceso
itemnumber 200364
942 ## - ELEMENTOS DE ENTRADA SECUNDARIOS (KOHA)
Suprimir en OPAC No
Tipo de ítem Koha Libro impreso
Holdings
Estatus retirado Estado de pérdida Fuente del sistema de clasificación o colocación Estado de daño No para préstamo Biblioteca de origen Biblioteca actual Ubicación en estantería Fecha de adquisición Fuente de adquisición Total de préstamos Signatura topográfica completa Código de barras Visto por última vez Precio de reemplazo Tipo de ítem Koha
    Clasificación decimal universal     Biblioteca del Ateneo de Madrid Biblioteca del Ateneo de Madrid Depósito J 14/06/2022 Donación   N-8548 101205657 26/07/2023 26/07/2023 Libro impreso